Central Library OPAC University of Rajshahi

Elementary Applied Aerodynamics / (Record no. 73254)

MARC details
000 -LEADER
fixed length control field 00677nam a2200241 a 4500
001 - CONTROL NUMBER
control field 73254
003 - CONTROL NUMBER IDENTIFIER
rucl marc code BD-RjUL
005 - DATE AND TIME OF LATEST TRANSACTION
control field 20211209082352.0
008 - FIXED-LENGTH DATA ELEMENTS--GENERAL INFORMATION
fixed length control field 170529s1931 enkaf 001 0 eng d
035 ## - SYSTEM CONTROL NUMBER
System control number (BD-RjUL)73472
040 ## - CATALOGING SOURCE
Original cataloging agency DLC
Transcribing agency FMU
Modifying agency OCoLC
-- BD-RjUL
Language of cataloging eng
041 ## - LANGUAGE CODE
Language code of text/sound track or separate title eng
082 ## - DEWEY DECIMAL CLASSIFICATION NUMBER
Classification number 629.1323
Edition number 23
Author mark and year WHE 1931
100 1# - MAIN ENTRY--PERSONAL NAME
Personal name Whitlock, T. G.
9 (RLIN) 216682
245 00 - TITLE STATEMENT
Title Elementary Applied Aerodynamics /
Statement of responsibility, etc. by T. G. Whitlock
260 ## - PUBLICATION, DISTRIBUTION, ETC. (IMPRINT)
Place of publication, distribution, etc. Oxford :
Name of publisher, distributor, etc. The Clarendon press,
Date of publication, distribution, etc. 1931.
300 ## - PHYSICAL DESCRIPTION
Pagination viii, 240 p. :
Illustrations ill. ;
Size 19 cm.
500 ## - GENERAL NOTE
General note Includes Index.
650 #0 - SUBJECT ADDED ENTRY--TOPICAL TERM
Topical term or geographic name as entry element Aerodynamics
9 (RLIN) 205891
Topical term or geographic name as entry element Airplanes.
9 (RLIN) 201305
942 ## - ADDED ENTRY ELEMENTS (KOHA)
Source of classification or shelving scheme Dewey Decimal Classification
Koha item type Books
Holdings
Lost status Source of classification or shelving scheme Damaged status Not for loan Collection code Permanent Location Current Location Shelving location Date acquired Source of acquisition Total Checkouts Full call number Date last seen Copy number Koha item type
  Dewey Decimal Classification   Not For Loan Non-fiction Central Library, University of Rajshahi Central Library, University of Rajshahi Reading Room 12/05/1976 Euro book   629.1323 WHE 1931 29/05/2017 C-1 Books